Złota Piłka 2017 - Top 10 - Statystyki

Ogólne statystyki
  • Ten quiz został rozwiązany 515 razy
  • Średni wynik to 9 z 10
Statystyki odpowiedzi
Lp. Klub Kraj Zawodnik % Poprawnych
1 Real Madryt Portugalia Cristiano Ronaldo
100%
2 Barcelona Argentyna Lionel Messi
100%
5 Real Madryt Chorwacja Luka Modric
99%
9 Bayern Polska Robert Lewandowski
98%
10 Tottenham Anglia Harry Kane
97%
3 PSG Brazylia Neymar
97%
7 PSG Francja Kylian Mbappe
91%
6 Real Madryt Hiszpania Sergio Ramos
86%
4 Juventus Włochy Gianluigi Buffon
85%
8 Chelsea Francja N'Golo Kante
83%
Nie znaleziono quizów pasujących do podanych kryteriów
Rozkład punktacji
Procent ludzi z każdym wynikiem
Percentyl według liczby udzielonych odpowiedzi
Twoja historia wyników
Nie rozwiązałeś tego quizu